000 00305nam a2200133Ia 4500
005 20251222140050.0
008 251222s1900||||xx |||||||||||||| ||spa||
020 _a9788495269683
082 _a262.15/F12
245 0 _aIglesia, Laicado y Laicidad
250 _a1ra. ed.
264 _bSintel
942 _cLIB
999 _c3567
_d3567